3216-八頭郡(鳥取県)の駅 - Statistics

General Stats
  • This quiz has been taken 5 times
  • The average score is 11 of 17
Answer Stats
Answer % Correct
郡家
100%
智頭
100%
若桜
100%
津ノ井
80%
東郡家
80%
八頭高校前
80%
80%
恋山形
80%
河原
60%
因幡船岡
60%
八東
60%
丹比
60%
土師
40%
那岐
40%
山郷
40%
安部
20%
徳丸
20%
No matching quizzes found
Score Distribution
Percent of People with Each Score
Percentile by Number Answered
Your Score History
You have not taken this quiz